000 00633nam a22002412a 4500
999 _c8116
_d8116
001 8116
003 BD - JhCC
005 20180218191444.0
008 500101s1958 xxka 001 0 eng d
035 _a(BD - JhCC)8116
040 _aDLC
_cSLC
_dSLC
_dUKM
_dEQO
_dBD - JhCC
041 _aeng
050 0 _aHE6215
_b.B35
082 _a383.22
_bBAT 1958
100 1 0 _aBateman, Robert,
_d1922-
245 1 0 _aInstructions to young stamp collectors
260 _aLondon :
_bMuseum Press,
_c[c1958]
300 _a111 p.
_billus.
_c23 cm
650 0 _aStamp collecting
830 0 _aBrompton Library
942 _2ddc
_cBK